Archivo de Claudio Gay

Gardado en:
Detalles Bibliográficos
Formato: Libro
Idioma:Lingua castelá
Publicado: Santiago Dirección de Bibliotecas, Archivos y Museos 1963
Subjects:
Tags: Engadir etiqueta
Sen Etiquetas, Sexa o primeiro en etiquetar este rexistro!

MARC

LEADER 00000nam a2200000 a 4500
001 UCJ0453
003 CL-VaPUC
008 060804e19630000CL |||||||||||||||||spa|d
082 0 4 |a 026.983  |b ARC  |2 21 
245 1 0 |a Archivo de Claudio Gay 
300 |a 153 p 
942 |c BK 
945 |d 20060804 00:00:00  |a cmena 
260 |a Santiago  |b Dirección de Bibliotecas, Archivos y Museos  |c 1963 
600 0 |a Gay, Claudio,  |e 1800-1873  |9 435569 
650 0 |a Catálogos  |9 256258 
650 0 |a Bibliografías   |9 257071 
650 0 |a Historia natural   |9 268584 
651 7 |a CHILE  |2 CL-VaPUC  |9 500621 
583 |a last modification  |c 20060804 00:00:00  |k Rodrigo Vera 
999 |c 317287  |d 317285 
952 |0 0  |1 0  |4 0  |6 026_983000000000000_ARC_1963  |7 0  |8 A  |9 393362  |a BIBHIS  |b BIBHIS  |d 2019-11-22  |i 1212982  |o 026.983 ARC 1963  |p 1212982  |r 2025-01-20  |w 2019-11-22  |y BK  |k HIS